000 00257nam a2200097Ia 4500
001 1250541
005 20251031150858.0
008 251031s9999 xx 000 0 und d
245 0 _cCENGİZ AYDOĞDU
_aB-1 BİZE VELVELE DÜŞTÜ
260 _bÖTÜKEN YAYINLARI
999 _c1250541
_d1250541